| 000 | 00620nam a22002057a 4500 | ||
|---|---|---|---|
| 999 |
_c18696 _d18696 |
||
| 003 | AR-CdUCM | ||
| 008 | 190515b ||||| |||| 00| 0 spa d | ||
| 040 |
_aMUNICIPALIDAD PROVINCIAL DEL CUSCO _cBIBLIOTECA MUNICIPAL DEL CUSCO |
||
| 082 |
_a330 / _bO48 |
||
| 100 |
_aOlivera,Julio _939435 |
||
| 245 | _aDiccionario de economia y cooperativismo / | ||
| 260 |
_aArgentina : _bC.O.G,T.A.L, _c1970 |
||
| 300 |
_a254 paginas ; _c23 cm. |
||
| 505 | _aContenido :Diccionario / | ||
| 650 |
_aDiccionarios _95105 |
||
| 650 |
_aEconomia _9382 |
||
| 650 |
_aPolĂtica _9291 |
||
| 942 |
_2ddc _cLIBROS |
||
| 945 |
_arjall _d2019-05-15 |
||